书目信息 |
| 题名: |
汽车试验学
|
|
| 作者: | 徐晓美 , 万亦强 主编 | |
| 分册: | ||
| 出版信息: | 北京 机械工业出版社 2021.1 |
|
| 页数: | 223页 | |
| 开本: | 26cm | |
| 丛书名: | ||
| 单 册: | ||
| 中图分类: | U467 | |
| 科图分类: | ||
| 主题词: | 汽车试验--高等教育--教材 , 汽车试验 | |
| 电子资源: | ||
| ISBN: | 978-7-111-42807-7 | |
| 000 | 00964nam0 2200265 45 | |
| 001 | 012001001819 | |
| 005 | 20140912140722.0 | |
| 010 | @a978-7-111-42807-7@dCNY35.00 | |
| 100 | @a20130807d2013 em y0chiy50 ea | |
| 101 | 0 | @achi |
| 102 | @aCN@b110000 | |
| 105 | @aa z 000yy | |
| 106 | @ar | |
| 200 | 1 | @a汽车试验学@Aqi che shi yan xue@b专著@f徐晓美,万亦强主编 |
| 210 | @a北京@c机械工业出版社@d2021.1 | |
| 215 | @a223页@c图@d26cm | |
| 300 | @a21世纪高等学校教材 普通高等教育“十二五”汽车类专业(方向)规划教材 | |
| 330 | @a本书内容包括汽车试验基础理论、汽车试验设备与设施、汽车主要参数测量、汽车基本性能试验、汽车可靠性试验、整车碰撞安全性试验、汽车环境保护特性试验、汽车典型总成与零部件试验、汽车虚拟试验技术等。 | |
| 606 | 0 | @a汽车试验@x高等教育@j教材 |
| 606 | 0 | @a汽车试验 |
| 690 | @aU467@v5 | |
| 701 | 0 | @a徐晓美@Axu xiao mei@4主编 |
| 701 | 0 | @a万亦强@Awan yi qiang@4主编 |
| 801 | 0 | @aCN@bBJSDL@c20211011 |
| 905 | @b1337339-42@dU467@e1070@f4 | |
| 汽车试验学/徐晓美,万亦强主编.-北京:机械工业出版社,2021.1 |
| 223页:图;26cm |
| 21世纪高等学校教材 普通高等教育“十二五”汽车类专业(方向)规划教材 |
| ISBN 978-7-111-42807-7:CNY35.00 |
| 本书内容包括汽车试验基础理论、汽车试验设备与设施、汽车主要参数测量、汽车基本性能试验、汽车可靠性试验、整车碰撞安全性试验、汽车环境保护特性试验、汽车典型总成与零部件试验、汽车虚拟试验技术等。 |
| ● |
| 相关链接 |
|
|
|
|
正题名:汽车试验学
索取号:U467/1070
 
预约/预借
| 序号 | 登录号 | 条形码 | 馆藏地/架位号 | 状态 | 备注 |
| 1 | 1337339 | 213373393 | 第二样本阅览室/ [索取号:U467/1070] | 在馆 | |
| 2 | 1337340 | 213373400 | 第三借阅区/ [索取号:U467/1070] | 在馆 | |
| 3 | 1337341 | 213373419 | 第三借阅区/ [索取号:U467/1070] | 在馆 | |
| 4 | 1337342 | 213373428 | 第三借阅区/ [索取号:U467/1070] | 在馆 |